000 01042nam a22003017a 4500
003 CHAP
005 20220329141530.0
008 120606s2011 a r 00010 d
010 _a69711
011 _a70683
035 _a80220
040 _cCHAP
082 0 4 _a004.22
_bP31
100 1 _aPatterson, David A.
_986237
245 1 0 _aEstructura y diseño de computadores :
_bla interfaz software / hardware
_c/por David A. Patterson y John L. Hennessy
260 _aBarcelona :
_bReverté,
_c2011
300 _axxiii, 703, A1-I25 p. :
_bil.
590 _aBATCH-UPD
_b10
_c20130110
_lUCH01
_h1554
590 _aBATCH-UPD
_b10
_c20130410
_lUCH01
_h0111
590 _aBATCH-UPD
_b10
_c20130914
_lUCH01
_h0400
590 _aCONVERSION
_b10
_c20130109
_lUCH01
_h1338
650 0 4 _aArquitectura de computadores.
_97374
650 0 4 _aProgramación (Computadoras)
_xIngeniería.
_992369
700 1 _aHennessy, John L.
_953616
901 _aBK
942 _cLIBRO
949 _a004.22 P31
_bBC
_cLIBRO
_d33724002335579
_eLIBRO
_gI.c/e
_h116795
_i80220
_sb
_t$639.00
999 _c69711
_d69711